000 00754nam a22002417a 4500
001 BR7375228
003 BR-BrBNA
005 20230928084412.0
007 ta
008 230509b bl.||||| |||| 00| 0 por d
040 _aBR-BrBNA
_bpor
_cBiblioteca Nacional de Agricultura
041 _a(Por)
072 _aE10; C00
_b/G514
090 _ E10 BR7375228
110 1 _aAssociacao de Credito e Assistencia Rural do Estado do Para, Belem (Brasil)
_9493
245 1 _aAcar - Para 1972 [Reestruturacao; Associacao de Credito e Assistencia Rural do Estado do Para; Brasil]
260 3 _aBelem, PA (Brasil):
_c1972.
300 _a14 p.
650 _aCREDITO RURAL
650 _aASSISTENCIA TECNICA
909 _a202309
_bLucia
_c55
_dLucia Elande
942 _cBK
999 _c18712
_d18712